Ḥadīqat al-salāṭīn-i Qutbshāhī [i.e. Qutbshāhī], (Record no. 83384)
[ view plain ]
| 000 -LEADER | |
|---|---|
| fixed length control field | 01197cam a22002411 4500 |
| 001 - CONTROL NUMBER | |
| control field | sa 68010399 |
| 003 - CONTROL NUMBER IDENTIFIER | |
| control field | DLC |
| 005 - DATE AND TIME OF LATEST TRANSACTION | |
| control field | 20260227112551.0 |
| 008 - FIXED-LENGTH DATA ELEMENTS--GENERAL INFORMATION | |
| fixed length control field | 900719s1961 ii c 000 0 perr |
| 010 ## - LIBRARY OF CONGRESS CONTROL NUMBER | |
| LC control number | sa 68010399 |
| 035 ## - SYSTEM CONTROL NUMBER | |
| System control number | (OCoLC)22101703 |
| 040 ## - CATALOGING SOURCE | |
| Original cataloging agency | DLC |
| Transcribing agency | TxU |
| Modifying agency | DLC |
| 042 ## - AUTHENTICATION CODE | |
| Authentication code | premarc |
| 050 00 - LIBRARY OF CONGRESS CALL NUMBER | |
| Classification number | DS486.G6 |
| Item number | N5 1961 |
| 100 0# - MAIN ENTRY--PERSONAL NAME | |
| Personal name | Niẓām al-Dīn Aḥmad ibn ʻAbd Allāh al-Shīrāzī al-Ṣāʻidī, |
| Dates associated with a name | active 17th century. |
| 245 10 - TITLE STATEMENT | |
| Title | Ḥadīqat al-salāṭīn-i Qutbshāhī [i.e. Qutbshāhī], |
| Statement of responsibility, etc. | muʼallifah-i Mirzā Niẓām al-Dīn Aḥmad ibn ʻAbd Allāh Ṣāʻidī Shīrāzī. Bih taṣḥīḥ va taḥashshī-i ʻAlī Asghar Bilgirāmī. |
| 260 ## - PUBLICATION, DISTRIBUTION, ETC. | |
| Place of publication, distribution, etc. | [Ḥaydarābād-i Dakan, |
| Name of publisher, distributor, etc. | Maṭbūʻah-i Islāmik Publīkayshanz Sūsāʼiṭī, |
| Date of publication, distribution, etc. | 1961] |
| 300 ## - PHYSICAL DESCRIPTION | |
| Extent | 12, 13, 318, 35 p. |
| Other physical details | ports. |
| Dimensions | 25 cm. |
| 490 0# - SERIES STATEMENT | |
| Series statement | Silsilah-yi Maṭbūʻāt-i Idārah-yi Adabīyāt-i Urdū ; |
| Volume/sequential designation | 280 |
| 490 0# - SERIES STATEMENT | |
| Series statement | Shuʻbah-ʼi Majlis-i Ishāʻat-i Tārīkh va Tamaddun-i Dakan |
| 500 ## - GENERAL NOTE | |
| General note | Added t.p.: Hadiqat-us-salateen: a history of the reign of Abdullah Qutb Shah of Golkunda, 1662-1672 A.D., by Nizamuddin Ahmad. |
| 600 00 - SUBJECT ADDED ENTRY--PERSONAL NAME | |
| Personal name | Muhammad Quli Qutb Shah, |
| Titles and other words associated with a name | Sultan of Golkunda, |
| Dates associated with a name | 1565-1612. |
No items available.